01175nam a2200193Ia 4500001001000000003001000010008004100020040002500061041001300086100004500099245005800144250001100202260006700213300002900280500026200309501011400571520026200685650003400947L235-7376IT-CnALBA170116s9999||||xx |||||||||||||| ||und|| aIT-CnALBAcIT-CnALBA aITALIANO aDÈ LIGUORI M. ALFONSO, SANTO, DOTTORE. 0aLE GLORIE DI MARIA. VOL. I. SALVE REGINA. DEVOZIONI.  a2a ed. aCINISELLO BALSAMO (MI)bEDIZIONI PAOLINEc1963 [1° Ed.: n.d.] a382 p. (prefazione: 512) aSALUTO A MARIA MADRE DI MISERICORDIA. CONFIDENZA IN MARIA. REGINA DEL CIELO. VITA DOLCEZZA. SPERANZA. DEGLI UOMINI FIGLI DI EVA. FIDUCIA IN MARIA. MARIA AVVOCATA. GESÙ DONO DI GRAZIA. FRUTTO DEL GREMBO DELLA VERGINE. VERGINE CLEMENTE E PIA. VOLUME ARRICCI aSocietà San Paolo EM - Piazza San Paolo, 14 - 12051 ALBA (CN) (non commercial uses only) ® Copyright 2017 aSALUTO A MARIA MADRE DI MISERICORDIA. CONFIDENZA IN MARIA. REGINA DEL CIELO. VITA DOLCEZZA. SPERANZA. DEGLI UOMINI FIGLI DI EVA. FIDUCIA IN MARIA. MARIA AVVOCATA. GESÙ DONO DI GRAZIA. FRUTTO DEL GREMBO DELLA VERGINE. VERGINE CLEMENTE E PIA. VOLUME ARRICCI aMARIA SS. ANGELI SANTI DEMONI